000 00170 a2200097 4500
020 _a9780785130253
041 _aspa
100 _aMarvel
245 _aX- Men
942 _cBK
999 _c12716
_d12716